Financial Accounting (Record no. 3595)

MARC details
000 -LEADER
fixed length control field 00398nam a22001697a 4500
005 - DATE AND TIME OF LATEST TRANSACTION
control field 20180612165737.0
008 - FIXED-LENGTH DATA ELEMENTS--GENERAL INFORMATION
fixed length control field 160623b xxu||||| |||| 00| 0 eng d
020 ## - INTERNATIONAL STANDARD BOOK NUMBER
ISBN 978-0-07-050155-5
041 ## - LANGUAGE CODE
Language code of text/sound track or separate title eng
082 ## - DEWEY DECIMAL CLASSIFICATION NUMBER
Item number 9042
Classification number 657
100 ## - MAIN ENTRY--AUTHOR NAME
Personal name Mukherjee A and Harit, M
245 ## - TITLE STATEMENT
Title Financial Accounting
260 ## - PUBLICATION, DISTRIBUTION, ETC. (IMPRINT)
Name of publisher TMH
Year of publication 2008
300 ## - PHYSICAL DESCRIPTION
Number of Pages 40.28
650 ## - SUBJECT ADDED ENTRY--TOPICAL TERM
Topical Term Management
942 ## - ADDED ENTRY ELEMENTS (KOHA)
Koha item type Books
Holdings
Lost status Damaged status Collection code Home library Current library Shelving location Date acquired Full call number Accession Number Koha item type Source of acquisition
    LAW JRU Library   SHELF-32-B 23/06/2016 657 9042 Books  
    LAW JRU Library   SHELF-32-B 23/06/2016 657 9043 Books  
    Reference JRU Library JRU Library SHELF-1-E 23/06/2016 657 9044 Books PURCHASE
    LAW JRU Library   SHELF-32-B 23/06/2016 657 9045 Books